| 000 | 01202nam a22003017a 4500 | ||
|---|---|---|---|
| 001 | 7968 | ||
| 003 | FISKH | ||
| 005 | 20251210145454.0 | ||
| 008 | 250815b cb ||||| |||| 00| 0 eng d | ||
| 020 | _a9781434217288 | ||
| 040 |
_aFISKH _beng _cFISKH _dFISKH |
||
| 050 | _aPZ7.G82764 A | ||
| 082 | _a741.5973 | ||
| 100 | _aGreenberger, Robert | ||
| 245 |
_aArctic attack / _cWritten by Robert Greenberger |
||
| 260 |
_aMinnesota : _bStone Arch Books , _c2013. |
||
| 300 |
_a47 pages : _bcolor illustrations ; _c19 cm . |
||
| 490 | _aDC Super Heroes (Batman) | ||
| 505 | _aR | ||
| 520 | _a"While researching the Arctic for a school project, Robin discovers that something is heating the glaciers--and it's not just global warming. With Batman's help, Robin discovers that the evil R?'s al Gh?l is behind the environmental disruption. The Dynamic Duo head to the Arctic to stop his evil plan and prevent an ecological disaster"-Unedited summary from book. | ||
| 521 | 8 |
_a690
_bLexile |
|
| 521 | 8 |
_aR
_bRaz-Plus |
|
| 650 |
_aSuperheroes _vFiction |
||
| 700 |
_aKruse, Jason _eIllustrator |
||
| 700 |
_aLoughridge, Lee _eIllustrator |
||
| 942 |
_2ddc _cBK _n0 |
||
| 999 |
_c7968 _d7968 |
||